[Event "Jastrzebie Zdroj op 4th"]
[Site "Jastrzebie Zdroj"]
[Date "2021.11.09"]
[Round "4"]
[White "Seemann, Pola"]
[Black "Gepfert, Cyprian"]
[Result "1-0"]
[WhiteElo "1491"]
[BlackElo "1745"]
[PlyCount "69"]
[EventDate "2021.11.07"]
[EventType "swiss"]
[EventRounds "9"]
[EventCountry "POL"]
[SourceTitle "CBM 205 Extra"]
[Source "ChessBase"]
[SourceDate "2022.01.31"]
[SourceVersion "1"]
[SourceVersionDate "2022.01.31"]
[SourceQuality "1"]

1. e4 c5 2. Nf3 e6 3. d4 cxd4 4. Nxd4 Nc6 5. Nc3 Qc7 6. a3 a6 7. Be3 Nf6 8. Be2 Be7 9. 0-0 0-0 10. Kh1 b5 11. f4 d6 12. Nxc6 Qxc6 13. Bf3 e5 14. Nd5 Bd8 15. Qd2 Re8 16. Rac1 Bb7 17. f5 Nxd5 18. exd5 Qc4 19. b3 Qh4 20. Bf2 Qg5 21. Qd3 Bc8 22. Be4 Rb8 23. Be3 Qf6 24. Rf3 Bb6 25. Bd2 Qd8 26. f6 g6 27. Rcf1 Qc7 28. Bh6 Qc5 29. c3 Bg4 30. Rg3 Bh5 31. Qd2 Rb7 32. Bg7 b4 33. Qh6 Bd8 34. Bh8 Bxf6 35. Bxf6 1-0